000 00431nam a2200145Ia 4500
008 230917s9999||||xx |||||||||||||| ||und||
040 _e50340
_aMAIN
041 _aEnglish
082 _a822.09 K163A
100 _aKaul, A N
245 0 _aAction of English comedy: Studies in the encounter of abstraction and experience from Shakespeare to Shaw
260 _aDelhi
_bVikas Publishing House
_c1970
300 _a338 p.
942 _cBK
999 _c64602
_d64602